Tendencie v pivovarníckom priemysle v Českej Republike a na Slovensku

Analýza pivovarníckeho priemyslu v Čechách a na Slovensku v období rokov 2004 – 2016. Identifikácia vývojových trendov vo výrobe, spotrebe a exporte.

Salvato in:
Dettagli Bibliografici
Autore principale: Rogovská, Vanda
Altri autori: Masár, Ivan
Natura: Capitolo di libro
Lingua:slovacco
Soggetti:
Tags: Aggiungi Tag
Nessun Tag, puoi essere il primo ad aggiungerne!!

MARC

LEADER 00000naa a2200000 4500
001 0253572
005 20220722102036.2
041 0 |a slo 
044 |a SK 
245 1 0 |a Tendencie v pivovarníckom priemysle v Českej Republike a na Slovensku  |c Vanda Rogovská, Ivan Masár 
520 |a Analýza pivovarníckeho priemyslu v Čechách a na Slovensku v období rokov 2004 – 2016. Identifikácia vývojových trendov vo výrobe, spotrebe a exporte. 
610 2 0 |a pivovarníctvo 
610 2 0 |a pivovary 
610 2 0 |a Česko 
610 2 0 |a Slovensko 
610 2 0 |a stratégia marketingová 
100 1 |a Rogovská, Vanda 
700 1 |a Masár, Ivan